1847 1499 1665 1810 1532 1546 1376 1574 1174 1496 1406 1632 1864 1537 1081 1569 1503 1948 1423 1985 1167 1962 1500 1086 1255 1195 1150 1843 1804 1683 1719 1813 1319 1390 1516 1697 1905 1227 1193 1078 1896 1110 1099 1059 1332 1789 1994 1273 1362 1054 1038 1562 1409 1346 1103 1051 1697 1044 1113 1700 1846 1497 1090 1152 1434 1331 1957 1414 1683 1968 1184 1785 1179 1679 1934 1740 1869 1619 1007 1412 1978 1914 1636 1299 1089 1105 1286 1156 1720 1759 1214 1433 1735 1041 1824 1184 1195 1734 1427 BCNSPRNW ULIB Ver.6.0+V

เปลี่ยนเป็นภาษาไทย

Change to English
 แสดงรายละเอียดบรรณานุกรม
  กลับหน้าหลัก

Brief Record : Get Marc (ISO 2709) : E-mail record : QR code < ปิดหน้าต่าง
LEADER : 00000nam 2200000uu 4500
001    13399120300
003     ULIB
008    120918s2553||||th 000 0 tha d
024    ^a9789746723251(ล.1)
060 04 ^aWY159^bก492 2553 ล.1
245 00 ^aการพยาบาลเด็ก เล่มที่ 1^nPediatric nursing /^cบรรณาธิการ มาลี เอื้ออำนวย,สุธิศา ล่ามช้าง, จรัสศรี เย็นบุตร
250    ^aพิมพ์ครั้งที่ 1
260    ^aเชียงใหม่ :^bคณะพยาบาลศาสตร์ มหาวิทยาลัยเชียงใหม่,^c2553
300    ^a 195 หน้า. ;^c26 ซม.
650  7 ^aการพยาบาลกุมารเวชศาสตร์
650  7 ^aเด็ก^xการดูแล
650  7 ^aเด็ก^xโรค
700 0  ^aมาลี เอื้อำนวย,^eบรรณาธิการ
700 0  ^aสุธิศา ล่ามช้าง,^eบรรณาธิการ
700 0  ^aจรัสศรี เย็นบุตร,^eบรรณาธิการ
945    ^p250^l0^i15651
995    ^a เกษร
999    ^aใช้งานได้ทุกระบบ
รายการนี้ยังไม่มีแท็ก
คุณยังไม่ได้ล็อกอิน คุณสามารถมีกิจกรรมร่วมกับเว็บไซต์ได้ แต่ต้องล็อกอินก่อน ::
  ล็อกอิน

รายการสื่อสารสนเทศ

ลำดับที่ ประเภท เลขเรียก/บาร์โค้ด สถานที่ สถานะ
1. วิทยาศาสตร์การแพทย์ และสุขภาพ
วิทยาศาสตร์การแพทย์ และสุขภาพ
WY159 ก492 2553 ล.1  
  Barcode: 15651
ห้องสมุดวิทยาเขตนครสวรรค์
►ส่วนจัดเก็บหนังสือเก่า นว.
บนชั้น
  ขอยืม

รายการใกล้เคียง
    หัวเรื่อง [การพยาบาลกุมารเวชศาสตร์]
    หัวเรื่อง [เด็ก การดูแล]

BibComment


ยังไม่เคยถูกคอมเมนท์

คอมเมนท์ทรัพยากรรายการนี้
  คอมเมนท์: การพยาบาลเด็ก เล..


 Copyright 2026. Bcnsprnw @Library